000 00936nam a2200205 i 4500
001 189899
003 ES-MaACL
005 20250405234008.0
008 191220s1971 sp |||| |dspa d
080 _a929 Montero Ríos, Eugenio:34
100 1 _aCabanas Rodríguez, Marcelino.
_933132
245 1 0 _aMontero Ríos, jurista y reformador
_b: discurso leído el día 8 de noviembre de 1971, en la solemne sesión de ingreso del académico D. Marcelino Cabanas Rodríguez y contestación del Excmo. Señor D. Joaquín Otero Goyanes, marqués de Revilla.
260 _aLa Coruña :
_bAcademia Gallega de Jurisprudencia y Legislación,
_c1971.
300 _a82 p. ;
_c27 cm.
600 1 4 _aMontero Ríos, Eugenio,
_d1832-1914
_982537
700 1 _aOtero Goyanes, Joaquín,
_cMarqués de Revilla.
_9167280
710 2 _aAcademia Gallega de Jurisprudencia y Legislación.
_91197
852 _aES-MaACL
_jL-32482
999 _c189899
_d189899